000 00629nam a22002057a 4500
008 240706b mp ||||| |||| 00| 0 mon d
035 _a5522
040 _aBH0164090
_bmon
_cMN-UlNLM
_dMN-UlNLM
_erda
041 _amon
042 _a58976
084 _2NNA
_a84/5мон/
_bД-27
100 _aДамдинсүрэн Д.
245 0 _aХүүхдийн тоглоомын талбай
264 _aУлаанбаатар
_bУлсын хэвлэлийн газар
_c1963
300 _a55х.
336 _2rdacontent
_atext
_btxt
337 _2rdamedia
_aunmediated
_bn
338 _2rdacarrier
_avolume
_bnc
942 _2NNA
_cBK
999 _c1104725
_d1104782